000 00345nam a2200133Ia 4500
008 220204s9999 xx 000 0 und d
082 _a62:338(035)
_bIRE
245 0 _aHandbook of industrial engineering and management
250 _aEd.2
260 _aNew Delhi
_bPrentice Hall
_c1974
700 _aGrant, W G
700 _aIreson
942 _cBK
999 _c22629
_d22629